[Event "POL-chT3"]
[Site "Jastrzebia Gora POL"]
[Date "2016.09.03"]
[Round "1.57"]
[White "Rudnicki, Milosz"]
[Black "Wolynski, Krzysztof"]
[Result "0-1"]
[WhiteElo "2199"]
[BlackElo "2065"]
[EventDate "2016.09.02"]

1.e4 c6 2.d4 d5 3.exd5 cxd5 4.c4 Nf6 5.Nc3 Nc6 6.Nf3 Bg4 7.cxd5 Nxd5 8.Qb3
Bxf3 9.gxf3 e6 10.Nxd5 Qxd5 11.Qxd5 exd5 12.Be3 Bb4+ 13.Ke2 O-O 14.Bg2 f5 
15.f4 Rfd8 16.Rhc1 Kf7 17.a3 Bf8 18.b4 a6 19.Rc3 Rd7 20.Rac1 Re8 21.Kd3 
Re6 22.Rh1 Rh6 23.h4 Be7 24.h5 g6 25.Bf3 Bf8 26.Rcc1 gxh5 27.Bxh5+ Ke7 28.
Rcg1 Kf6 29.Rg5 Na7 30.Rc1 Nc6 31.Rcg1 Rc7 32.Rc1 Bd6 33.Be8 Ne7 34.Rcg1 
Rh4 35.Rg7 Ng6 36.Rxc7 Bxc7 37.Rc1 Nxf4+ 38.Bxf4 Bxf4 39.Rc5 Ke6 40.a4 Bd6
41.Rc8 Rh3+ 42.Ke2 Bxb4 43.Rb8 Bc3 44.Rxb7 Bxd4 45.Bf7+ Kd6 46.Rb8 Rh2 47.
Rd8+ Ke7 48.Rxd5 Rxf2+ 49.Ke1 Kxf7 50.Rxd4 Ra2 51.Rc4 h5 52.Kf1 Kg6 53.
Rc6+ Kg5 54.Rxa6 h4 55.Kg1 f4 56.Ra8 Kg4 57.a5 Kg3 58.Rg8+ Kf3 59.Ra8 h3 
60.a6 Rg2+ 61.Kh1 h2 62.Rh8 Ra2 63.Ra8 Kg3 64.Rg8+ Kf3 65.Ra8 Rc2 66.Rh8 
Ra2 67.Ra8 Ra5 68.Kxh2 Kf2 69.Kh3 f3 70.Ra7 Ra3 71.Kh2 Kf1 72.Rf7 f2 73.a7
Ra6 74.Kg3 Rg6+ 75.Kh2 Rg8 76.Rh7 Re8 77.Rb7 Rh8+ 78.Kg3 Kg1 79.Rb8 f1=Q 
80.Rxh8 Qd3+ 81.Kf4 Qd4+ 82.Kf3 Kf1 0-1

[Event "POL-chT3"]
[Site "Jastrzebia Gora POL"]
[Date "2016.09.03"]
[Round "1.58"]
[White "Klementowski, Dawid"]
[Black "Wacior, Maciej"]
[Result "1/2-1/2"]
[WhiteElo "1928"]
[BlackElo "1986"]
[EventDate "2016.09.02"]

1.c4 e6 2.g3 d5 3.Bg2 Nf6 4.Nf3 c6 5.O-O Nbd7 6.d3 Bd6 7.Nc3 O-O 8.e4 dxe4
9.dxe4 Qc7 10.Qe2 b6 11.Bg5 Ng4 12.Nd4 Nge5 13.Rad1 Ba6 14.b3 Ng6 15.Nxc6 
Qxc6 16.e5 Qc5 17.Bxa8 Rxa8 18.Rxd6 Ndxe5 19.Ne4 Qc7 20.Rfd1 f6 21.Bf4 
Nxf4 22.gxf4 Nf7 23.Rxe6 Qxf4 24.Ng3 Ne5 25.Rxe5 fxe5 26.Rd7 Qf6 27.Qd2 
Rf8 28.c5 Kh8 29.Rd6 Qf3 30.c6 h5 31.Rh6+ Kg8 32.Rxh5 Qxc6 33.Rxe5 Bb7 34.
Re4 Rc8 35.Kf1 Qb5+ 36.Re2 Bf3 37.Kg1 Bxe2 38.Nxe2 Qf5 39.Qe3 Rf8 40.Ng3 
Qd5 41.h3 Rf6 42.Qe1 Re6 43.Qc1 Rc6 44.Qe1 Qe6 45.Qd1 Qxh3 46.Qd8+ Kh7 47.
Qd3+ g6 48.Qe3 Rc7 49.Qf4 Rd7 50.Qf3 Re7 51.Qc3 Qe6 52.Qd4 Rd7 53.Qh4+ Kg7
54.Qg5 Rd5 55.Qf4 Qd6 56.Qg4 Rd1+ 57.Kh2 Qd5 58.Nf5+ Kf6 59.Ng3 Rd4 60.Qe2
Qe5 61.Qf3+ Kg5 62.Qc6 Qf4 63.Kg2 Qe5 64.Qc1+ Kf6 65.Qc6+ Kg7 66.Qb7+ Kh6 
67.Qc8 Qd5+ 68.Kh2 Rf4 69.Qc1 Qg5 70.Kg1 Rf8 71.Qc3 Qf4 72.Qc2 Kg5 73.Qe2 
Kh6 74.Qc2 Rd8 75.Qe2 Rd2 76.Qf1 Rxa2 77.Qh3+ Kg5 78.Qf1 Kg4 79.Qd1+ Kg5 
80.Qd5+ Kf6 81.Ne4+ Ke7 82.Qb7+ Ke6 83.Kg2 Ke5 84.Qe7+ Kf5 85.Ng3+ Kg4 86.
Qd7+ Kg5 87.Qd8+ Kh6 88.Qh8+ Kg5 1/2-1/2

[Event "POL-chT3"]
[Site "Jastrzebia Gora POL"]
[Date "2016.09.03"]
[Round "1.59"]
[White "Gosciniak, Tomasz"]
[Black "Cieslak, Patrycjusz"]
[Result "1/2-1/2"]
[WhiteElo "1949"]
[BlackElo "1919"]
[EventDate "2016.09.02"]

1.d4 d5 2.c4 c6 3.Nc3 Nf6 4.cxd5 cxd5 5.Bf4 Nc6 6.e3 Qb6 7.Qb3 Qxb3 8.axb3
Bf5 9.Bb5 e6 10.Nf3 Bb4 11.Ne5 O-O 12.Bxc6 bxc6 13.Nxc6 a5 14.O-O Rfc8 15.
Nxb4 axb4 16.Na4 Rc2 17.Bd6 Bd3 18.Rfd1 Ne4 19.Nc5 Rc8 20.Nxd3 Nxd6 21.Kf1
Kf8 22.Ra4 Rb8 23.Ke1 Ne4 24.Ra7 Rbc8 25.Rb7 Ra8 26.Rxb4 Ra2 27.Rb7 g5 28.
b4 Nxf2 29.Nxf2 Rcxb2 30.Nd3 Rxg2 31.Kf1 Rxh2 32.Kg1 Rhg2+ 33.Kf1 Rh2 34.
Kg1 Rag2+ 35.Kf1 h5 36.Ne5 Rf2+ 1/2-1/2

[Event "POL-chT3"]
[Site "Jastrzebia Gora POL"]
[Date "2016.09.03"]
[Round "1.60"]
[White "Dziodzio, Angelika"]
[Black "Gosciniak, Maria"]
[Result "1-0"]
[WhiteElo "2064"]
[BlackElo "2082"]
[EventDate "2016.09.02"]

1.e4 Nf6 2.e5 Nd5 3.d4 d6 4.c4 Nb6 5.exd6 exd6 6.Nc3 Bf5 7.Be2 Be7 8.h3 
O-O 9.Nf3 Bf6 10.O-O Nc6 11.a3 d5 12.c5 Nc4 13.b3 N4a5 14.Be3 Re8 15.Re1 
a6 16.Rc1 Bg6 17.Bf1 h6 18.b4 Nc4 19.Nxd5 Nxa3 20.Nxf6+ Qxf6 21.Qb3 Nb5 
22.d5 Ncd4 23.Nxd4 Nxd4 24.Qc3 Nf5 25.Qxf6 gxf6 26.Bf4 Rxe1 27.Rxe1 Rd8 
28.Bc4 Rc8 29.g4 Nd4 30.Re7 b5 31.cxb6 cxb6 32.Bxa6 Rd8 33.Bb7 Nc2 34.Bc7 
Rf8 35.d6 1-0

[Event "POL-chT3"]
[Site "Jastrzebia Gora POL"]
[Date "2016.09.03"]
[Round "1.61"]
[White "Cajbel, Maciej"]
[Black "Chojnacki, Slawomir"]
[Result "0-1"]
[WhiteElo "2198"]
[BlackElo "2255"]
[EventDate "2016.09.02"]

1.Nf3 d5 2.g3 c6 3.Bg2 Bf5 4.d3 Nf6 5.O-O e6 6.Nbd2 Nbd7 7.c4 Bc5 8.b3 O-O
9.Bb2 a5 10.a3 Qb6 11.h3 h6 12.Qe1 Rfd8 13.e4 dxe4 14.dxe4 Bh7 15.Qe2 Qc7 
16.e5 Ne8 17.Ne4 Be7 18.Rfd1 Nc5 19.Nxc5 Bxc5 20.Bc3 Rxd1+ 21.Qxd1 Qb6 22.
Be1 Rd8 23.Qc1 Qxb3 24.Bxa5 Rd3 25.Nd2 Qa4 26.Bb4 Bd4 27.Bf1 Rxg3+ 28.Bg2 
c5 29.Nf3 Rxf3 30.Bxf3 cxb4 31.Ra2 b3 32.Rd2 b2 33.Rxb2 Qxa3 0-1

[Event "POL-chT3"]
[Site "Jastrzebia Gora POL"]
[Date "2016.09.03"]
[Round "1.62"]
[White "Maciol, Ryszard"]
[Black "Zareba, Radoslaw"]
[Result "0-1"]
[WhiteElo "2130"]
[BlackElo "2093"]
[EventDate "2016.09.02"]

1.d4 Nf6 2.c4 c5 3.d5 b5 4.cxb5 a6 5.e3 g6 6.Nc3 Bg7 7.Nf3 O-O 8.Be2 axb5 
9.Nxb5 d6 10.O-O Na6 11.Nc3 Bb7 12.e4 Nd7 13.Bf4 Qa5 14.Qd2 Rfb8 15.Bh6 
Nc7 16.Bxg7 Kxg7 17.Rfe1 f6 18.Qc2 Ba6 19.Nd2 Qb4 20.b3 Bxe2 21.Nxe2 Nb5 
22.Nc4 Na3 23.Nxa3 Rxa3 24.Nf4 Rba8 25.Ne6+ Kf7 26.Qc1 Nf8 27.Nxf8 Kxf8 
28.Re2 Qd4 29.Qh6+ Kg8 30.Rae1 Rxa2 31.Re3 Ra1 32.h4 Qd2 33.Rxa1 Rxa1+ 34.
Kh2 Qxf2 35.Rf3 Qg1+ 36.Kh3 Qh1+ 37.Kg3 Ra2 0-1

[Event "POL-chT3"]
[Site "Jastrzebia Gora POL"]
[Date "2016.09.03"]
[Round "1.63"]
[White "Czachor, Grzegorz"]
[Black "Fudalej, Michal"]
[Result "1/2-1/2"]
[WhiteElo "2078"]
[BlackElo "2211"]
[EventDate "2016.09.02"]

1.Nf3 Nf6 2.b3 d5 3.Bb2 Bf5 4.e3 e6 5.Be2 Be7 6.O-O O-O 7.Nh4 c6 8.Nxf5 
exf5 9.c4 Nbd7 10.Nc3 Nc5 11.Qc2 Qd7 12.cxd5 cxd5 13.Bb5 Qe6 14.Ne2 Qe4 
15.d3 Qh4 16.Nd4 Bd6 17.h3 Qg5 18.Nf3 Qh6 19.b4 Ne6 20.Qd2 Rfd8 21.Rfd1 f4
22.Rac1 fxe3 23.fxe3 Nh5 24.a3 Ng3 25.Rc2 Nf5 26.Re1 Ng5 27.Nd4 Nxd4 28.
Bxd4 Qh4 29.Kf1 a6 30.Ba4 Qg3 31.Rec1 Ne6 32.Bb6 Rdc8 33.Bb3 d4 34.Qf2 Qh2
35.Bxd4 Nxd4 36.exd4 Bf4 37.Rd1 Re8 38.Qg1 Qg3 39.Qf2 Qh2 40.Qg1 Qg3 41.
Qf2 Qh2 1/2-1/2

[Event "POL-chT3"]
[Site "Jastrzebia Gora POL"]
[Date "2016.09.03"]
[Round "1.64"]
[White "Rzepka, Krzysztof"]
[Black "Bogenryter, Hubert"]
[Result "1-0"]
[WhiteElo "2136"]
[BlackElo "1978"]
[EventDate "2016.09.02"]

1.d4 Nf6 2.c4 g6 3.Nc3 Bg7 4.e4 d6 5.Be2 O-O 6.Bg5 h6 7.Be3 e5 8.d5 a5 9.
Qd2 Kh7 10.f3 Nh5 11.O-O-O Nf4 12.Bf1 Na6 13.g3 Nh5 14.Nge2 f5 15.exf5 
gxf5 16.f4 e4 17.Nd4 Nc5 18.Be2 Nf6 19.h3 Qe7 20.Rdg1 a4 21.g4 a3 22.b3 
Nd3+ 23.Bxd3 exd3 24.Qxd3 Ne4 25.Nxe4 fxe4 26.Qc2 Bxd4 27.Bxd4 Rxf4 28.Rf1
Qg5 29.Qd2 Rxf1+ 30.Rxf1 Qxd2+ 31.Kxd2 Kg8 32.Rf6 h5 33.Rh6 hxg4 34.hxg4 
b5 35.g5 Bb7 36.g6 Kf8 37.Bf6 1-0

[Event "POL-chT3"]
[Site "Jastrzebia Gora POL"]
[Date "2016.09.03"]
[Round "1.65"]
[White "Krupa, Jerzy"]
[Black "Fudalej, Grzegorz"]
[Result "0-1"]
[WhiteElo "1817"]
[BlackElo "2137"]
[EventDate "2016.09.02"]

1.e4 c6 2.d4 d5 3.e5 g6 4.h3 Bg7 5.Nf3 Nh6 6.Bd3 Bf5 7.O-O Qb6 8.Nc3 Nd7 
9.Rb1 Nf8 10.Bxf5 Nxf5 11.g4 Nh6 12.Be3 f5 13.exf6 exf6 14.Re1 Kf7 15.Qd2 
Ng8 16.Na4 Qd8 17.Nc5 b6 18.Nd3 h6 19.Bf4 g5 20.Bg3 h5 21.Nde5+ fxe5 22.
Nxg5+ Kg6 23.Bxe5 Qxg5 24.Bf4 Qf6 25.Qd3+ Kf7 26.Be5 Qg6 27.Qf3+ Nf6 28.g5
Qxg5+ 29.Kh1 Ng6 30.Rg1 Nh4 31.Qd3 Qf5 32.Qxf5 Nxf5 33.Rg5 Ne7 34.Rbg1 
Rag8 0-1

[Event "POL-chT3"]
[Site "Jastrzebia Gora POL"]
[Date "2016.09.03"]
[Round "1.66"]
[White "Zmarzly, Aleksandra"]
[Black "Zdziarska-zareba, Lidia"]
[Result "1-0"]
[WhiteElo "2011"]
[BlackElo "1884"]
[EventDate "2016.09.02"]

1.e4 c5 2.Nf3 e6 3.g3 d6 4.Bg2 Nc6 5.O-O g6 6.d4 cxd4 7.Nxd4 a6 8.Be3 Bg7 
9.Nc3 Nge7 10.Qd2 O-O 11.Rad1 Ne5 12.Qe2 Qc7 13.a4 Rd8 14.Bg5 h6 15.Bxe7 
Qxe7 16.f4 Nc6 17.Nb3 Qc7 18.Rf3 Qb6+ 19.Kh1 Qb4 20.e5 d5 21.Rfd3 Na5 22.
Rd4 Qb6 23.Nxa5 Qxa5 24.g4 Qc7 25.Re1 Qb6 26.Rd3 Bd7 27.b3 Rac8 28.Qd2 Bc6
29.Ne2 Qc7 30.Nd4 Be8 31.Rde3 Bd7 32.R1e2 Qb6 33.Re1 Bf8 34.Rh3 Kh7 35.Rd1
Qb4 36.Qd3 f5 37.exf6 e5 38.fxe5 Bxg4 39.Rg3 Rc3 40.Qxc3 Bxd1 41.Qc7+ Kh8 
42.c3 1-0

[Event "POL-chT3"]
[Site "Jastrzebia Gora POL"]
[Date "2016.09.03"]
[Round "1.67"]
[White "Gumula, Daniel"]
[Black "Banasik, Krzysztof"]
[Result "1/2-1/2"]
[WhiteElo "2248"]
[BlackElo "2253"]
[EventDate "2016.09.02"]

1.c4 Nf6 2.Nc3 d5 3.cxd5 Nxd5 4.g3 g6 5.Bg2 Nb6 6.Nf3 Bg7 7.d3 O-O 8.h4 h5
9.Bg5 Nc6 10.O-O Nd4 11.Nxd4 Bxd4 12.a4 a5 13.Qb3 c6 14.Qa3 Re8 15.Ne4 Nd5
16.e3 Bg7 17.d4 Nb4 18.Rac1 Bf5 19.Rfd1 Rc8 20.Bf4 Nd5 21.Be5 Bxe4 22.Bxe4
Nb4 23.Qb3 e6 24.Bxg7 Kxg7 25.Qc4 Qe7 26.Qc5 Qxc5 27.Rxc5 Ra8 28.f4 Red8 
29.Kf2 Rd6 30.Ke2 Kf8 31.Bf3 Ke7 32.g4 hxg4 33.Bxg4 b6 34.Rcc1 Rad8 
1/2-1/2

[Event "POL-chT3"]
[Site "Jastrzebia Gora POL"]
[Date "2016.09.03"]
[Round "1.68"]
[White "Tustanowski, Robert"]
[Black "Kolosowski, Pawel"]
[Result "0-1"]
[WhiteElo "2211"]
[BlackElo "2214"]
[EventDate "2016.09.02"]

1.e4 e5 2.Nf3 Nc6 3.Bc4 Nf6 4.Ng5 d5 5.exd5 Na5 6.Bb5+ c6 7.dxc6 bxc6 8.
Be2 h6 9.Nf3 e4 10.Ne5 Qd4 11.f4 Bc5 12.Rf1 Bb6 13.c3 Qd6 14.d4 O-O 15.Na3
Qc7 16.Qc2 Nb7 17.Nac4 c5 18.d5 Nd6 19.Nxd6 Qxd6 20.c4 Bf5 21.Be3 Ba5+ 22.
Kf2 Nd7 23.Nxd7 Qxd7 24.Kg1 Qd6 25.Rfd1 Bd8 26.b4 Bb6 27.b5 Bd8 28.a4 Bf6 
29.Rab1 g5 30.fxg5 hxg5 31.Rf1 Bg6 32.Rxf6 Qxf6 33.Bxc5 e3 34.Bd3 Qf2+ 35.
Qxf2 exf2+ 36.Kxf2 Bxd3 37.Bxf8 Bxb1 38.Be7 f6 39.Ke3 Kf7 40.d6 Rh8 41.c5 
Rxh2 42.a5 Rxg2 43.b6 axb6 44.axb6 Rb2 45.Bd8 Ke6 46.Kd4 g4 47.Bc7 Kd7 48.
Kc3 Rc2+ 49.Kb4 g3 50.c6+ Kxc6 51.d7 Kxd7 0-1

[Event "POL-chT3"]
[Site "Jastrzebia Gora POL"]
[Date "2016.09.03"]
[Round "1.69"]
[White "Garbowski, Jakub"]
[Black "Siekaniec, Jan"]
[Result "1-0"]
[WhiteElo "2030"]
[BlackElo "2076"]
[EventDate "2016.09.02"]

1.e4 c5 2.Nf3 a6 3.Nc3 Nc6 4.d4 cxd4 5.Nxd4 e6 6.Be2 Nf6 7.O-O Qc7 8.Kh1 
b5 9.a3 Bb7 10.f4 d6 11.Bf3 Rd8 12.Nb3 Be7 13.Be3 O-O 14.Qe2 Nd7 15.Rad1 
Nb6 16.Nd4 Nc4 17.Ndxb5 axb5 18.Nxb5 Qa5 19.Qxc4 Ba6 20.Be2 Rb8 21.a4 Rfc8
22.Qb3 Qd8 23.c3 Na5 24.Qa2 Nb7 25.Rd4 Ra8 26.Qb1 d5 27.exd5 Bc5 28.dxe6 
Bxd4 29.exf7+ Kxf7 30.Qa2+ Kf8 31.Nxd4 Bxe2 32.Ne6+ 1-0

[Event "POL-chT3"]
[Site "Jastrzebia Gora POL"]
[Date "2016.09.03"]
[Round "1.70"]
[White "Wrobel, Maciej"]
[Black "Siedlinski, Piotr"]
[Result "0-1"]
[WhiteElo "2046"]
[BlackElo "2107"]
[EventDate "2016.09.02"]

1.e4 c5 2.Nf3 e6 3.d4 cxd4 4.Nxd4 Nc6 5.Nc3 Qc7 6.g3 a6 7.Bg2 Nf6 8.O-O 
Nxd4 9.Qxd4 Bc5 10.Qd3 Ng4 11.Bf4 Ne5 12.Qe2 b5 13.a4 b4 14.Nd5 Qb8 15.Ne3
d6 16.Bxe5 dxe5 17.Kh1 O-O 18.f4 Bb7 19.f5 Bxe3 20.Qxe3 exf5 21.Rxf5 Qd6 
22.Raf1 Rad8 23.c3 Bc8 24.R5f2 Be6 25.cxb4 Qxb4 26.Qc3 Rd4 27.Qc6 h6 28.a5
Qxa5 29.Qxe6 fxe6 30.Rxf8+ Kh7 31.Bh3 Rd6 32.R8f2 h5 33.g4 h4 34.g5 Qb4 
35.Re2 Kg6 36.Rg1 Qb3 37.Bg4 Rd1 38.Rg2 Rxg1+ 39.Rxg1 Qe3 40.Bxe6 Qf3+ 41.
Rg2 h3 42.Bf5+ Kh5 43.Bg4+ Qxg4 44.Rxg4 Kxg4 0-1

[Event "POL-chT3"]
[Site "Jastrzebia Gora POL"]
[Date "2016.09.03"]
[Round "1.71"]
[White "Guzik, Jolanta"]
[Black "Tustanowski, Mateusz"]
[Result "1-0"]
[WhiteElo "1990"]
[BlackElo "1921"]
[EventDate "2016.09.02"]

1.c4 c5 2.Nc3 Nc6 3.g3 g6 4.Bg2 Bg7 5.e3 e6 6.Nge2 Nge7 7.O-O O-O 8.d4 
cxd4 9.Nxd4 d5 10.cxd5 Nxd5 11.Nxd5 Nxd4 12.exd4 exd5 13.Be3 Be6 14.Qd2 
Qb6 15.Rac1 Rac8 16.b3 Rfe8 17.Rfd1 Bf8 18.Rxc8 Rxc8 19.Rc1 Rxc1+ 20.Qxc1 
Qc6 21.Qd2 b6 22.h3 a5 23.Kh2 Bb4 24.Qe2 Bf5 25.Bh6 Be4 26.Bxe4 dxe4 27.
Qc4 Qxc4 28.bxc4 f5 29.Kg2 Kf7 30.Be3 a4 31.f3 exf3+ 32.Kxf3 Kf6 33.g4 
fxg4+ 34.hxg4 h5 35.gxh5 gxh5 36.d5 Ba5 37.Kf4 Ke7 38.Ke5 Kd7 39.Bf2 Bc3+ 
40.Ke4 Ba5 41.Ke5 Bc3+ 42.Kf5 Ba5 43.Bg3 Bd2 44.Kg6 h4 45.Bxh4 Kd6 46.Bg3+
Kc5 47.d6 b5 48.d7 Ba5 49.cxb5 Kxb5 50.Kf7 Kc6 51.Ke8 Bb6 52.Bh4 Ba5 53.
Be7 Bb6 54.Bd8 Be3 55.Ba5 Bg5 56.Bb4 Bh4 57.Be7 1-0

[Event "POL-chT3"]
[Site "Jastrzebia Gora POL"]
[Date "2016.09.03"]
[Round "1.72"]
[White "Buksa, Ewelina"]
[Black "Pluta, Natalia"]
[Result "0-1"]
[WhiteElo "1684"]
[BlackElo "1623"]
[EventDate "2016.09.02"]

1.e4 c5 2.Nf3 d6 3.d4 cxd4 4.Nxd4 Nf6 5.Nc3 g6 6.Be2 Bg7 7.Be3 O-O 8.O-O 
Nc6 9.Kh1 d5 10.exd5 Nxd5 11.Nxd5 Qxd5 12.Bf3 Qc4 13.Nxc6 bxc6 14.c3 Bf5 
15.Be2 Qd5 16.Qa4 Qe4 17.Qa3 Qc2 18.Bd1 Qd3 19.Bf3 Qb5 20.Rad1 e5 21.Rfe1 
Rfd8 22.Rc1 Bd3 23.Kg1 e4 24.Bd1 a5 25.Ba4 Qd5 26.Qc5 Qxa2 27.Bxc6 Rac8 
28.Bd4 Qe6 29.Bxg7 Kxg7 30.Qg5 Qxc6 31.Qxa5 Qc5 32.Qa4 Ra8 33.Qd1 Qb6 34.
Qd2 Ra2 0-1

[Event "POL-chT3"]
[Site "Jastrzebia Gora POL"]
[Date "2016.09.03"]
[Round "1.73"]
[White "Murdzia, Piotr"]
[Black "Licznerski, Lukasz"]
[Result "1/2-1/2"]
[WhiteElo "2416"]
[BlackElo "2260"]
[EventDate "2016.09.02"]

1.e4 c6 2.d4 d5 3.Nc3 dxe4 4.Nxe4 Nd7 5.Bd3 Ngf6 6.Ng5 e6 7.Qe2 Bd6 8.N1f3
h6 9.Ne4 Nxe4 10.Qxe4 Nf6 11.Qe2 b6 12.Bd2 Qc7 13.O-O-O Bb7 14.Rhe1 O-O-O 
15.Kb1 Kb8 16.a3 Rhe8 17.g3 Nd7 18.Nh4 g5 19.Nf5 Bf8 20.h4 Qc8 21.Ne3 e5 
22.dxe5 Nxe5 23.Bf5 Ba6 24.Qh5 Qc7 25.Bc3 gxh4 26.gxh4 Nc4 27.Rxd8+ Qxd8 
28.Rd1 Nd6 29.Bh3 Qe7 30.Nf5 Nxf5 31.Qxf5 Bc8 32.Qf3 Bxh3 33.Qxh3 Rd8 34.
Re1 Qc5 35.Qf3 Qc4 1/2-1/2

[Event "POL-chT3"]
[Site "Jastrzebia Gora POL"]
[Date "2016.09.03"]
[Round "1.74"]
[White "Zielinski, Maciej"]
[Black "Lisowski, Krzysztof"]
[Result "1-0"]
[WhiteElo "2111"]
[BlackElo "2106"]
[EventDate "2016.09.02"]

1.e4 g6 2.d4 Bg7 3.Nf3 c6 4.c4 d6 5.Nc3 Nd7 6.Be2 Nh6 7.h4 e5 8.d5 Nf6 9.
dxc6 bxc6 10.c5 Nhg4 11.h5 gxh5 12.Qxd6 Qxd6 13.cxd6 Rg8 14.Bc4 Bf8 15.Ng5
Nh6 16.f3 Rg6 17.Be3 Bxd6 18.O-O-O Be7 19.Kc2 Nfg4 20.fxg4 Bxg5 21.gxh5 
Rg8 22.Bxg5 Rxg5 23.Rd6 Rxg2+ 24.Kc1 Ng4 25.Rxc6 Ne3 26.Bb3 Bg4 27.Re1 Rd8
28.Rc7 Bxh5 29.Rxa7 Ng4 30.Nd5 Bg6 31.a4 Nf2 32.Bc4 h5 33.a5 h4 34.a6 Bxe4
35.Nf6+ Kf8 36.Rxf7# 1-0

[Event "POL-chT3"]
[Site "Jastrzebia Gora POL"]
[Date "2016.09.03"]
[Round "1.75"]
[White "Migala, Andrzej"]
[Black "Flak, Pawel"]
[Result "0-1"]
[WhiteElo "2014"]
[BlackElo "2184"]
[EventDate "2016.09.02"]

1.e4 Nf6 2.e5 Nd5 3.c4 Nb6 4.c5 Nd5 5.Nc3 e6 6.d4 b6 7.Nxd5 exd5 8.cxb6 
axb6 9.Qb3 Nc6 10.Nf3 Bb4+ 11.Kd1 O-O 12.Bb5 Be7 13.Qxd5 Bb7 14.Be3 Qc8 
15.a3 Kh8 16.h4 f6 17.exf6 Bxf6 18.Qh5 Ne7 19.Ng5 h6 20.Bd3 Bxg2 21.Rg1 
Bxg5 22.Rxg2 Bxe3 23.fxe3 Qe8 24.Qg4 Rf7 25.Kd2 Nd5 26.Re1 Nf6 27.Qg6 d5 
28.Rf1 Qg8 29.Rf4 Ne4+ 30.Bxe4 Rxf4 31.exf4 dxe4 32.Qxe4 c5 0-1

[Event "POL-chT3"]
[Site "Jastrzebia Gora POL"]
[Date "2016.09.03"]
[Round "1.76"]
[White "Duch, Mariusz"]
[Black "Daniluk, Jerzy"]
[Result "1-0"]
[WhiteElo "2255"]
[BlackElo "2100"]
[EventDate "2016.09.02"]

1.c4 g6 2.Nf3 Bg7 3.g3 c5 4.d4 cxd4 5.Nxd4 Nc6 6.Nc2 Nf6 7.Nc3 O-O 8.Bg2 
d6 9.O-O Be6 10.b3 Qd7 11.Bb2 Bh3 12.Rb1 h5 13.Nd5 Nxd5 14.cxd5 Ne5 15.Ne3
Rfc8 16.Qd2 Rc7 17.Bd4 b6 18.Qb2 f6 19.Rfc1 Bxg2 20.Nxg2 Bh6 21.f4 Nf7 22.
Rxc7 Qxc7 23.Rc1 Qb7 24.Qc2 Qxd5 25.Qxg6+ Bg7 26.Rd1 Nh6 27.Qxg7+ Kxg7 28.
Bxf6+ Kxf6 29.Rxd5 Rc8 30.Rxh5 Ng4 31.Nh4 Rc2 32.h3 Ne3 33.Kf2 Nd1+ 34.Kf3
Rc3+ 35.Kg2 Rc2 36.Kf3 Rc3+ 37.Kg2 Rc2 1-0

[Event "POL-chT3"]
[Site "Jastrzebia Gora POL"]
[Date "2016.09.03"]
[Round "1.77"]
[White "Kupryjaniuk, Tomasz"]
[Black "Zielinski, Wojciech"]
[Result "1-0"]
[WhiteElo "1819"]
[BlackElo "2136"]
[EventDate "2016.09.02"]

1.e4 e6 2.d4 d5 3.e5 c5 4.c3 Nc6 5.Be3 Qb6 6.Qd2 Bd7 7.Nf3 f6 8.exf6 Nxf6 
9.Bd3 cxd4 10.cxd4 Nb4 11.Nc3 Nxd3+ 12.Qxd3 Ne4 13.Nxe4 Bb5 14.Qb3 dxe4 
15.Ng5 Rc8 16.Nxe4 Qc6 17.f3 Ba4 18.Qc3 Qd7 19.Nc5 Qd5 20.Qa5 Bd7 21.Qxa7 
Bxc5 22.dxc5 Bb5 23.Kf2 O-O 24.Rhd1 Qc4 25.Rd2 Rcd8 26.Qa5 Rxd2+ 27.Qxd2 
Rf5 28.b3 Qh4+ 29.Kg1 Rd5 30.Qf2 Qf6 31.Re1 Qc3 32.h4 Kf7 33.Rc1 Qd3 34.
Bf4 Qf5 35.Bd6 Rd3 36.Qg3 Rd2 37.a4 Bd3 38.c6 bxc6 39.Rxc6 Rc2 40.Bc5 Rc1+
41.Kh2 e5 42.Rc7+ Ke6 43.b4 Bf1 44.Rxg7 Rc2 45.Re7+ Kd5 46.Qg8+ 1-0

[Event "POL-chT3"]
[Site "Jastrzebia Gora POL"]
[Date "2016.09.03"]
[Round "1.78"]
[White "Jedrocha, Katarzyna"]
[Black "Kindler, Karolina"]
[Result "1-0"]
[WhiteElo "1893"]
[BlackElo "1717"]
[EventDate "2016.09.02"]

1.e4 c5 2.Nf3 e6 3.c3 d5 4.exd5 Qxd5 5.d4 Nf6 6.Be3 cxd4 7.cxd4 Be7 8.Be2 
O-O 9.Nc3 Qd8 10.Ne5 Nbd7 11.O-O a6 12.Bf3 Nb6 13.Rc1 Nbd5 14.Qb3 Nxc3 15.
bxc3 Qc7 16.g3 Rd8 17.Nc4 Ne8 18.Bf4 Bd6 19.Nxd6 Nxd6 20.c4 Qe7 21.Qb4 Nf5
22.Qxe7 Nxe7 23.Rfd1 Ng6 24.Be3 Rb8 25.Rb1 b5 26.Rb2 Bb7 27.Be2 Bc6 28.
cxb5 axb5 29.Rc1 Bd5 30.a3 Ra8 31.Rc3 Bc4 32.Bxc4 bxc4 33.Rb4 Ne7 34.Rbxc4
Nd5 35.Rb3 Rd7 36.Bc1 h6 37.Bb2 Ra5 38.Kf1 Rda7 39.Ke2 Nc7 40.Kd3 Kf8 41.
Bc3 Rf5 42.Rb8+ Ke7 43.Bb4+ Kd7 44.Bc5 Ra6 45.Ke2 Nd5 46.Rc2 Rc6 47.Rcb2 
e5 48.Kd3 exd4 49.Bxd4 g6 50.R2b7+ Rc7 51.Rxc7+ Nxc7 52.a4 Ne6 53.Be3 h5 
54.Rb5 Rf6 55.a5 Nc7 56.Rb6 Rf5 57.Bf4 Rxa5 58.Rb7 Rc5 59.Kd4 Rc2 60.Rxc7+
Rxc7 61.Bxc7 Kxc7 62.Ke5 Kd7 63.Kf6 Ke8 64.f4 Kf8 65.h4 Kg8 66.f5 gxf5 67.
Kxf5 Kg7 68.Kg5 f6+ 69.Kxh5 Kh7 70.Kg4 Kg6 1-0

[Event "POL-chT3"]
[Site "Jastrzebia Gora POL"]
[Date "2016.09.03"]
[Round "1.79"]
[White "Brzezinski, Mateusz"]
[Black "Paprocki, Jaroslaw"]
[Result "1/2-1/2"]
[WhiteElo "2144"]
[BlackElo "2195"]
[EventDate "2016.09.02"]

1.d4 Nf6 2.c4 e6 3.Nc3 Bb4 4.e3 b6 5.Ne2 c5 6.a3 Ba5 7.Bd2 Na6 8.d5 O-O 9.
Nf4 Bxc3 10.Bxc3 Ne4 11.Qc2 Nxc3 12.Qxc3 exd5 13.O-O-O Nc7 14.Nxd5 Nxd5 
15.Rxd5 Bb7 16.Rd2 Qe7 17.Be2 Bc6 18.Bf3 a6 19.Rhd1 b5 20.Rd6 Bxf3 21.gxf3
Qh4 22.Qc2 bxc4 23.Rxd7 Rab8 24.R7d2 Qxh2 25.Qxc4 Rb5 26.f4 Qh4 27.Qe4 Qf6
28.Qe5 Qh4 29.Rg1 g6 30.Qc3 Qh2 31.Rgd1 Qh4 32.f5 c4 33.fxg6 hxg6 34.Rd4 
Qxf2 35.Rd8 Qh4 36.Rxf8+ Kxf8 37.Rd4 Qh1+ 38.Rd1 Qh4 39.Rd4 Qf6 40.Rxc4 
Qxc3+ 41.Rxc3 g5 42.Rc4 Rb3 43.Re4 Kg7 44.Kc2 Rb6 45.b4 Kg6 46.Kd3 Kf5 47.
Rc4 f6 48.Ke2 Kg6 49.Kf3 Rd6 50.Rc3 Re6 51.a4 f5 52.b5 g4+ 53.Kf2 axb5 54.
axb5 Re4 55.Rc8 Rb4 56.Rb8 f4 57.exf4 Rxf4+ 58.Kg3 Rb4 59.b6 Kh7 60.b7 Kg7
61.Rc8 Rxb7 1/2-1/2

[Event "POL-chT3"]
[Site "Jastrzebia Gora POL"]
[Date "2016.09.03"]
[Round "1.80"]
[White "Zebracki, Tomasz"]
[Black "Kujawski, Adam"]
[Result "0-1"]
[WhiteElo "2196"]
[BlackElo "2296"]
[EventDate "2016.09.02"]

1.b3 c5 2.Bb2 Nc6 3.e3 e5 4.Bb5 Qg5 5.Qf3 Nge7 6.Na3 d5 7.h4 Qf6 8.Bxc6+ 
Qxc6 9.Bxe5 h5 10.Qe2 Ng6 11.Bb2 Be7 12.Bxg7 Rg8 13.Bb2 a6 14.Qxh5 Be6 15.
g3 d4 16.Rh2 O-O-O 17.O-O-O c4 18.Nxc4 Bxc4 19.bxc4 Qxc4 20.Kb1 Rd5 21.Qe2
Qa4 22.Qd3 Rb5 23.Ka1 Ne5 24.Qxd4 Nc4 25.d3 Nxb2 26.Qxa4 Nxa4 27.Ne2 Ba3 
28.c4 Rb2 29.Re1 Bb4 30.Rb1 Rxe2 31.Rxb4 Nc3 32.Rb2 Re1+ 33.Rb1 Rxb1# 0-1

[Event "POL-chT3"]
[Site "Jastrzebia Gora POL"]
[Date "2016.09.03"]
[Round "1.81"]
[White "Gralka, Przemyslaw"]
[Black "Ciemniak, Krzysztof"]
[Result "0-1"]
[WhiteElo "2283"]
[BlackElo "2000"]
[EventDate "2016.09.02"]

1.e4 e5 2.Nf3 Nc6 3.Bb5 a6 4.Ba4 Nf6 5.O-O Be7 6.Re1 b5 7.Bb3 d6 8.h3 O-O 
9.c3 Na5 10.Bc2 c5 11.d4 cxd4 12.cxd4 Nc6 13.Nc3 Bd7 14.a4 Qb6 15.Nd5 Nxd5
16.exd5 Nb4 17.dxe5 Nxc2 18.Qxc2 bxa4 19.Bg5 Rac8 20.Qe4 f6 21.e6 Bb5 22.
Be3 Qb7 23.Nd4 Rc4 24.Qf3 g6 25.Rad1 Rfc8 26.h4 Be8 27.Re2 f5 28.h5 Bf6 
29.hxg6 hxg6 30.g4 Qg7 31.Red2 Be5 32.gxf5 gxf5+ 33.Kf1 f4 34.Nf5 Qg5 35.
Qh3 fxe3 36.fxe3 Bb5 37.Kf2 Rc2 38.Kf3 Rf8 39.Ke4 Rc4+ 40.Rd4 Bxd4 41.exd4
Rc2 42.Ne7+ Kg7 0-1

[Event "POL-chT3"]
[Site "Jastrzebia Gora POL"]
[Date "2016.09.03"]
[Round "1.82"]
[White "Wisniewski, Przemyslaw"]
[Black "Mazalon, Mariusz"]
[Result "1-0"]
[WhiteElo "1970"]
[BlackElo "2063"]
[EventDate "2016.09.02"]

1.b3 e5 2.Bb2 Nc6 3.e3 Nf6 4.Bb5 Bd6 5.Na3 a6 6.Bxc6 dxc6 7.Nc4 Qe7 8.
Nxd6+ cxd6 9.Ne2 O-O 10.Ng3 Ng4 11.Qe2 f5 12.O-O-O b5 13.f3 Nh6 14.f4 e4 
15.h3 Be6 16.Rdg1 Rf7 17.Nh5 Qd7 18.Bxg7 Rxg7 19.Nf6+ Kf7 20.Nxd7 Bxd7 21.
Qh5+ Rg6 22.g4 fxg4 23.hxg4 Bxg4 24.Rxg4 Nxg4 25.f5 Nf6 26.fxg6+ hxg6 27.
Qg5 Re8 28.Rg1 Rg8 29.Rf1 1-0

[Event "POL-chT3"]
[Site "Jastrzebia Gora POL"]
[Date "2016.09.03"]
[Round "1.83"]
[White "Skowronski, Piotr"]
[Black "Zebracki, Jaroslaw"]
[Result "1-0"]
[WhiteElo "2042"]
[BlackElo "1841"]
[EventDate "2016.09.02"]

1.c4 Nf6 2.Nc3 e6 3.d4 Bb4 4.Qc2 Nc6 5.e3 O-O 6.Bd3 d6 7.Bd2 Bxc3 8.Bxc3 
Qe7 9.Ne2 e5 10.d5 Nb8 11.Ng3 a5 12.O-O c6 13.e4 c5 14.Rae1 Ng4 15.h3 Nh6 
16.Nf5 Bxf5 17.exf5 f6 18.Bd2 Nf7 19.Qd1 Nd7 20.Qh5 Rfc8 21.g4 Qe8 22.Qh4 
Qd8 23.Qg3 Rab8 24.b3 Ra8 25.a4 Nf8 26.Re2 h6 27.Rfe1 Rc7 28.Bc2 Rd7 29.h4
Nh7 30.Re4 Kf8 31.f4 b6 32.Kg2 Raa7 33.Qf3 Rab7 34.Rh1 Kg8 35.g5 fxg5 36.
fxg5 hxg5 37.Rg4 gxh4 38.f6 1-0